000 00400nam a22001817a 4500
003 OSt
005 20250403150219.0
008 250403b |||||||| |||| 00| 0 eng d
020 _a9780861545896
082 _a780
_bLYNP
100 _aLynch, Paul
245 _aProphet Song
260 _bUK
_cOneworld Publications
300 _a309p.
546 _aEnglish
651 _aMusic
942 _2ddc
_cBK
999 _c3760
_d3760